| 000 | 01148nas a2200361 4500 | ||
|---|---|---|---|
| 001 | BR2011002453 | ||
| 003 | BR-BrBNA | ||
| 005 | 20231205115324.0 | ||
| 007 | ta | ||
| 008 | 230509b bl.|||p| |||| 00| 00por d | ||
| 040 |
_aBR-BrBNA _bpor _cBiblioteca Nacional de Agricultura |
||
| 041 | _a(Pt) | ||
| 072 | _aF04; F01 | ||
| 100 | 1 | _aPurquerio, L.F.V. | |
| 100 | 1 | _aDemant, L.A.R. | |
| 100 | 1 | _aGoto, R. | |
| 100 | 1 | _aVillas Boas, R.L. | |
| 100 | 1 | _aDemant, L.A.R. | |
| 100 | 1 | _aGoto, R. | |
| 100 | 1 | _aVillas Boas, R.L. | |
| 245 | 1 | _aEfeito da adubação nitrogenada de cobertura e do espaçamento sobre a produção de rúcula | |
| 650 | _aRÚCULA | ||
| 650 | _aERUCA SATIVA | ||
| 650 | _aFERTILIZANTE NITROGENADO | ||
| 650 | _aADUBAÇÃO DE COBERTURA | ||
| 650 | _aESPAÇAMENTO | ||
| 650 | _aPRODUÇÃO VEGETAL | ||
| 650 | _aNUTRIÇÃO VEGETAL | ||
| 773 | 0 |
_tHorticultura Brasileira (Brazil) _xISSN 0102-0536 _g(Jul-Sep 2007), v. 25(3) p. 464-470 _wBR2011002453 |
|
| 856 | 4 |
_uhttp://www.scielo.br/pdf/hb/v25n3/a28v25n3.pdf _yRecurso eletrônico (PDF) |
|
| 909 |
_a202311 _bLúcia _c55 _dLúcia Elande |
||
| 942 |
_2AGRIS _n0 _cANA |
||
| 999 |
_c213209 _d213209 |
||